| 000 | 00812nmm a2200277 a 4500 | ||
|---|---|---|---|
| 003 | AR-BaBNM | ||
| 005 | 20251128203829.0 | ||
| 008 | 028019s1973 ||||||||||||||000 | spa|| | ||
| 040 | _cAR-BaBNM | ||
| 100 | 1 | _aMalagarriga, Carlos C. | |
| 245 | 1 | 0 |
_aDerecho comercial inclusive marítimo, aeronáutico y quiebra _bactualizado con la ley de sociedades comerciales 19.550 y la ley de concursos 19.551 |
| 250 | _a14ª ed. aum. y corr. | ||
| 260 |
_aBuenos Aires _bLibrería La Nena _c1973 |
||
| 300 | 1 | _axvi, 412 p. | |
| 650 | 4 | _aDERECHO COMERCIAL | |
| 650 | 4 | _aDERECHO AEREO | |
| 650 | 4 | _aQUIEBRA | |
| 650 | 4 | _aCOMERCIANTES | |
| 650 | 4 | _aCOMPRA | |
| 650 | 4 | _aVENTAS | |
| 650 | 4 | _aSEGUROS | |
| 650 | 4 | _aCONTRATOS | |
| 700 | 1 |
_aMalagariga, Juan Carlos _ecolaborador |
|
| 942 | _cBK | ||
| 998 | _cCARMEN | ||
| 999 |
_c5079 _d5079 |
||